[Event "TCh-FRA Top 12 2021"]
[Site "Chalons en Champagne FRA"]
[Date "2021.07.02"]
[Round "9.5"]
[Board "7"]
[White "Roubert, Emile"]
[Black "Frantz, Nicolas"]
[Result "1/2-1/2"]
[WhiteElo "2067"]
[BlackElo "2140"]
[WhiteTeam "Echiquier Agenais"]
[BlackTeam "Vandoeuvre Echecs"]
[WhiteFideId "680311"]
[BlackFideId "682748"]
[EventDate "2021.06.24"]

1. e4 c5 2. Nf3 Nc6 3. d4 cxd4 4. Nxd4 Nf6 5. Nc3 d6 6. Bg5 e6 7. Qd2 a6 8.
O-O-O Bd7 9. f4 h6 10. Bxf6 Qxf6 11. e5 dxe5 12. Ndb5 O-O-O 13. fxe5 Qxe5 14.
Nd6+ Bxd6 15. Qxd6 Be8 16. Qxe5 Rxd1+ 17. Nxd1 Nxe5 18. Be2 Bc6 19. Ne3 f5 20.
Rf1 g5 21. g3 h5 22. Nxf5 exf5 23. Rxf5 Nd7 24. Rxg5 h4 25. gxh4 Rxh4 26. Rh5
Rxh5 27. Bxh5 Kc7 28. Be8 Ne5 29. Bxc6 Kxc6 30. h4 Kd5 31. h5 Ng4 32. Kd2 Kd4
33. c3+ Ke4 34. a4 b6 35. b3 Nh6 36. Ke2 Ng4 37. Kd2 Nh6 38. Ke2 Ng4 1/2-1/2

[Event "TCh-FRA Top 12 2021"]
[Site "Chalons en Champagne FRA"]
[Date "2021.07.02"]
[Round "9.5"]
[Board "8"]
[White "Mathieu, Phileas"]
[Black "Bourgoin, Cecile"]
[Result "1-0"]
[WhiteTitle "FM"]
[WhiteElo "2240"]
[BlackElo "1688"]
[WhiteTeam "Vandoeuvre Echecs"]
[BlackTeam "Echiquier Agenais"]
[WhiteFideId "36048410"]
[BlackFideId "603147"]
[EventDate "2021.06.24"]

1. e4 e6 2. d4 d5 3. Nd2 Nf6 4. e5 Nfd7 5. Bd3 c5 6. c3 Nc6 7. Ne2 cxd4 8. cxd4
f6 9. exf6 Qxf6 10. Nf3 h6 11. O-O Bd6 12. Ng3 O-O 13. Be3 e5 14. dxe5 Ndxe5 15.
Be2 Be6 16. Nd4 Nxd4 17. Bxd4 Qf4 18. Be3 Qh4 19. Qb3 Rae8 20. Rad1 Bb8 21. Qxb7
Re7 22. Qb5 Rd7 23. Rd4 Qe7 24. b3 Rb7 25. Qa4 Bd7 26. Qa5 Bc6 27. Rc1 Bc7 28.
Qd2 Rf6 29. Rxd5 Rb8 30. Bxa7 Ra8 31. Be3 Kh8 32. Rd4 Ba5 33. Qc2 Bb6 34. Rf4
Bxe3 35. fxe3 Raf8 36. Qc5 Qe6 37. Nh5 Rf5 38. Qd4 Ng6 39. Qxg7# 1-0

[Event "TCh-FRA Top 12 2021"]
[Site "Chalons en Champagne FRA"]
[Date "2021.07.02"]
[Round "9.6"]
[Board "1"]
[White "Lagarde, Maxime"]
[Black "Eugene, Floryan"]
[Result "1-0"]
[WhiteTitle "GM"]
[BlackTitle "FM"]
[WhiteElo "2648"]
[BlackElo "2343"]
[WhiteTeam "C'Chartres Echecs"]
[BlackTeam "Echiquier de l'Erdre"]
[WhiteFideId "662399"]
[BlackFideId "20694784"]
[EventDate "2021.06.24"]

1. d4 Nf6 2. c4 e6 3. Nc3 d5 4. cxd5 exd5 5. Bg5 Nbd7 6. e3 c6 7. Bd3 Be7 8. h3
h6 9. Bf4 Nb6 10. Nf3 Nc4 11. Qc2 Be6 12. O-O O-O 13. Rad1 Nd6 14. Ne5 Nfe4 15.
Na4 Bg5 16. Bh2 f5 17. Kh1 Nf7 18. f3 Ned6 19. Nc5 Bc8 20. e4 fxe4 21. fxe4 dxe4
22. Nxe4 Nxe4 23. Bc4 Nd6 24. Nxf7 Rxf7 25. Bxd6 Qxd6 26. Rxf7 Kh8 27. Qe4 Bd7
28. Qe5 1-0

[Event "TCh-FRA Top 12 2021"]
[Site "Chalons en Champagne FRA"]
[Date "2021.07.02"]
[Round "9.6"]
[Board "2"]
[White "Duboue, Peio"]
[Black "Mamedov, Rauf"]
[Result "0-1"]
[WhiteTitle "FM"]
[BlackTitle "GM"]
[WhiteElo "2412"]
[BlackElo "2654"]
[WhiteTeam "Echiquier de l'Erdre"]
[BlackTeam "C'Chartres Echecs"]
[WhiteFideId "654833"]
[BlackFideId "13401653"]
[EventDate "2021.06.24"]

1. e4 d6 2. d4 Nf6 3. Nc3 Nbd7 4. h3 c5 5. Nge2 a6 6. g4 cxd4 7. Nxd4 Nc5 8. Bg2
e5 9. Nf5 g6 10. Ne3 Be6 11. Ned5 Bxd5 12. Nxd5 Be7 13. Be3 Rc8 14. Nxf6+ Bxf6
15. Qd2 Ne6 16. O-O-O Rc6 17. Kb1 Bg5 18. h4 Bxe3 19. fxe3 h6 20. Bh3 Nc5 21. g5
hxg5 22. hxg5 Rh5 23. Qd5 Qxg5 24. Rdf1 Qe7 25. Rf3 Ne6 26. Rhf1 Ng5 27. Bg4 Rh2
28. R3f2 Rxf2 29. Rxf2 Kf8 30. Qd1 Kg8 31. Qh1 Rc4 32. Be2 Rxe4 33. b3 d5 34.
Bd3 Rxe3 35. Qxd5 Kg7 36. Kb2 Nh3 37. Rh2 Qf6 38. Bc4 b5 39. Be2 e4+ 40. Ka3
Qe7+ 41. Kb2 Qf6+ 42. Ka3 Nf4 43. Qa8 Qd6+ 44. Kb2 Nd3+ 0-1

[Event "TCh-FRA Top 12 2021"]
[Site "Chalons en Champagne FRA"]
[Date "2021.07.02"]
[Round "9.6"]
[Board "3"]
[White "Medvegy, Zoltan"]
[Black "Real, Thibault"]
[Result "0-1"]
[WhiteTitle "GM"]
[BlackTitle "FM"]
[WhiteElo "2527"]
[BlackElo "2267"]
[WhiteTeam "C'Chartres Echecs"]
[BlackTeam "Echiquier de l'Erdre"]
[WhiteFideId "708402"]
[BlackFideId "205559"]
[EventDate "2021.06.24"]

1. c4 Nf6 2. Nc3 e6 3. e4 d5 4. cxd5 exd5 5. e5 Ne4 6. Nf3 Bf5 7. d4 c5 8. Bb5+
Nc6 9. O-O Nxc3 10. bxc3 Be7 11. dxc5 Bxc5 12. Nd4 Bd7 13. Nb3 Bb6 14. Qxd5 Qe7
15. a4 O-O-O 16. a5 Bc7 17. a6 Qxe5 18. axb7+ Kb8 19. Qxe5 Nxe5 20. Ba6 Bc6 21.
Na5 Be4 22. Re1 Rd6 23. Bf1 Nf3+ 24. gxf3 Rg6+ 25. Bg2 Bxf3 26. Re3 Bxg2 27. f3
Bh3+ 28. Kf2 Bb6 29. Nc4 Rg2+ 30. Ke1 Rg1+ 31. Kf2 Rg2+ 32. Ke1 Rg1+ 33. Kf2
Bxe3+ 34. Nxe3 Rg6 35. Nd5 Rg2+ 36. Ke3 Be6 37. c4 Kxb7 38. Rb1+ Kc6 39. Ne7+
Kc5 40. Kd3 Kd6 41. Rb7 Bxc4+ 42. Kd4 Ke6 43. Ba3 Ba6 44. Rxa7 Rd8+ 45. Kc5 Rd6
46. Ng8 Rc2+ 47. Kb4 Bc4 48. Re7+ Kf5 49. Rc7 Rb6+ 50. Kc5 Rb5+ 51. Kd6 Rd5+ 52.
Ke7 Kg6 53. Rc8 Rcd2 54. Rc6+ f6 55. Rxc4 Re5+ 0-1

[Event "TCh-FRA Top 12 2021"]
[Site "Chalons en Champagne FRA"]
[Date "2021.07.02"]
[Round "9.6"]
[Board "4"]
[White "Hutois, Mickael"]
[Black "Maurizzi, Marc Andria"]
[Result "1/2-1/2"]
[WhiteTitle "FM"]
[BlackTitle "IM"]
[WhiteElo "2261"]
[BlackElo "2503"]
[WhiteTeam "Echiquier de l'Erdre"]
[BlackTeam "C'Chartres Echecs"]
[WhiteFideId "652091"]
[BlackFideId "36083534"]
[EventDate "2021.06.24"]

1. e4 Nf6 2. Nc3 d5 3. exd5 Nxd5 4. Bc4 Nb6 5. Bb3 g6 6. Qf3 e6 7. h4 Nc6 8.
Nge2 h6 9. d4 Bg7 10. Bf4 Nxd4 11. Nxd4 Qxd4 12. O-O Bd7 13. Rad1 Bc6 14. Qg3
Qf6 15. Bxc7 O-O 16. Rfe1 Qf5 17. Ne2 e5 18. f4 exf4 19. Nxf4 Kh7 20. Rf1 Qe4
21. Bd6 Rfd8 22. c3 Nc4 23. Rde1 Nxd6 24. Rxe4 Nxe4 25. Qe3 Rd7 26. Bd5 Rxd5 27.
Nxd5 Bxd5 28. c4 Bc6 29. Rxf7 Rd8 30. Re7 Rd1+ 31. Kh2 Nd2 32. Qe2 Nf1+ 33. Kh3
Rd7 34. g4 Rxe7 35. Qxe7 Nd2 36. Qf7 Ne4 37. b4 Nf6 38. g5 hxg5 39. hxg5 Nd7 40.
b5 Ne5 41. Qc7 Be4 42. a4 a6 43. c5 axb5 44. axb5 Kh8 45. c6 Bxc6 46. bxc6 bxc6
47. Kg3 Kh7 48. Qe7 Kg8 49. Kf4 Kh8 50. Ke4 Kg8 51. Ke3 Kh8 52. Kd4 Kg8 53. Qe8+
Kh7 54. Kc5 Bh8 55. Qe7+ Bg7 56. Kd6 Kg8 57. Ke6 Kh7 58. Qc7 Kg8 59. Ke7 Kh7 60.
Qc8 Bh8 61. Qc7 Bg7 62. Ke8 Kg8 63. Qc8 Kh7 64. Qh3+ Kg8 65. Qh1 Bh8 66. Qh3 1/2-1/2

[Event "TCh-FRA Top 12 2021"]
[Site "Chalons en Champagne FRA"]
[Date "2021.07.02"]
[Round "9.6"]
[Board "5"]
[White "Daulyte-Cornette, Deimante"]
[Black "De Pierrefeu, Thibaut"]
[Result "1-0"]
[WhiteTitle "IM"]
[WhiteElo "2394"]
[BlackElo "2205"]
[WhiteTeam "C'Chartres Echecs"]
[BlackTeam "Echiquier de l'Erdre"]
[WhiteFideId "12802859"]
[BlackFideId "2109093"]
[EventDate "2021.06.24"]

1. e4 e5 2. Nf3 Nc6 3. Nc3 Nf6 4. Bb5 Bb4 5. O-O O-O 6. Bxc6 dxc6 7. d3 Qd6 8.
Ne2 Bg4 9. Ng3 Nh5 10. h3 Nxg3 11. fxg3 Bc5+ 12. Kh2 Bd7 13. Nh4 g6 14. Bh6 Rfe8
15. Qd2 Qe6 16. Rf3 f6 17. Raf1 Be7 18. b3 a5 19. g4 a4 20. g5 fxg5 21. Bxg5 Rf8
22. Bxe7 Qxe7 23. Qh6 Rxf3 24. Rxf3 axb3 25. axb3 c5 26. Rg3 Ra6 27. Nf3 Re6 28.
Rg5 b5 29. Qh4 c4 30. Qg3 cxb3 31. cxb3 Qb4 32. Nxe5 Be8 33. Ng4 Qxb3 34. Qxc7
Qxd3 35. e5 Qd4 36. Nf6+ Rxf6 37. exf6 Qxf6 38. Re5 Qf4+ 39. Kg1 Qd4+ 40. Kh1
Bf7 41. Rxb5 Qf2 42. Qe5 Qf1+ 43. Kh2 Bc4 44. Rb8+ Kf7 45. Rb7+ 1-0

[Event "TCh-FRA Top 12 2021"]
[Site "Chalons en Champagne FRA"]
[Date "2021.07.02"]
[Round "9.6"]
[Board "6"]
[White "Jaouen, Valentin"]
[Black "Devallee, Jeremie"]
[Result "0-1"]
[BlackTitle "FM"]
[WhiteElo "2112"]
[BlackElo "2220"]
[WhiteTeam "Echiquier de l'Erdre"]
[BlackTeam "C'Chartres Echecs"]
[WhiteFideId "20631294"]
[BlackFideId "665240"]
[EventDate "2021.06.24"]

1. b3 e5 2. Bb2 Nc6 3. e3 d5 4. Bb5 Bd6 5. f4 Qh4+ 6. g3 Qe7 7. Nf3 f6 8. fxe5
fxe5 9. Bxc6+ bxc6 10. Nxe5 Nf6 11. d4 O-O 12. Nd2 Bxe5 13. dxe5 Bg4 14. exf6 0-1

[Event "TCh-FRA Top 12 2021"]
[Site "Chalons en Champagne FRA"]
[Date "2021.07.02"]
[Round "9.6"]
[Board "7"]
[White "Bilquez, Romain"]
[Black "Prodhomme, Boris"]
[Result "1-0"]
[WhiteElo "2276"]
[BlackElo "2031"]
[WhiteTeam "C'Chartres Echecs"]
[BlackTeam "Echiquier de l'Erdre"]
[WhiteFideId "640379"]
[BlackFideId "640034"]
[EventDate "2021.06.24"]

1. e4 c5 2. c3 b6 3. d4 Bb7 4. Bd3 Nf6 5. Nd2 cxd4 6. cxd4 Nc6 7. Ne2 g6 8. a3
Bg7 9. Nf3 d6 10. d5 Ne5 11. Nxe5 dxe5 12. Bb5+ Kf8 13. Nc3 e6 14. Bg5 exd5 15.
Bxf6 Bxf6 16. Nxd5 Bxd5 17. exd5 Qd6 18. Rc1 Rd8 19. Bc6 Kg7 20. Qa4 a5 21. Qb5
e4 22. Rc2 e3 23. fxe3 Bh4+ 24. g3 Bxg3+ 25. hxg3 Qxg3+ 26. Rf2 Qxe3+ 27. Qe2
Qc1+ 28. Qd1 Qe3+ 29. Kf1 Rd6 30. Qf3 Qxf3 31. Rxf3 h5 32. Kf2 h4 33. Re1 g5 34.
Re7 h3 35. Rfxf7+ Kg6 36. Rg7+ Kh6 37. Kg3 Rf6 38. Rgf7 Rxf7 39. Rxf7 h2 40. d6
Kg6 41. Rf1 1-0

[Event "TCh-FRA Top 12 2021"]
[Site "Chalons en Champagne FRA"]
[Date "2021.07.02"]
[Round "9.6"]
[Board "8"]
[White "Ruhlmann, Helene"]
[Black "Abbassi, Zeneb"]
[Result "1/2-1/2"]
[WhiteElo "1816"]
[BlackElo "1924"]
[WhiteTeam "Echiquier de l'Erdre"]
[BlackTeam "C'Chartres Echecs"]
[WhiteFideId "20643209"]
[BlackFideId "20642920"]
[EventDate "2021.06.24"]

1. c4 Nf6 2. Nc3 e5 3. g3 Nc6 4. Nf3 Bc5 5. Nxe5 Bxf2+ 6. Kxf2 Nxe5 7. b3 d5 8.
d4 Neg4+ 9. Kg1 Bf5 10. Bg2 Qe7 11. Nxd5 Nxd5 12. Bxd5 O-O-O 13. Bf3 Ne3 14.
Bxe3 Qxe3+ 15. Kg2 Rxd4 16. Qg1 Qe5 17. Rd1 Rhd8 18. Rxd4 Rxd4 19. Qc1 Be4 20.
Rd1 Bxf3+ 21. Kxf3 Qh5+ 22. Ke3 Rxd1 23. Qxd1 Qxh2 24. Kf3 Qh5+ 25. Kf2 Qf5+ 26.
Kg2 Qe4+ 27. Kf2 h5 28. Qd2 f6 29. Qa5 h4 30. gxh4 Qxh4+ 31. Kf1 Qf4+ 32. Ke1
Qh4+ 33. Kf1 Qh1+ 34. Kf2 Qh2+ 35. Kf1 Qf4+ 36. Ke1 Qg3+ 37. Kf1 Qh3+ 38. Ke1
Qh4+ 39. Kf1 Qf4+ 40. Ke1 Qe3 41. Qf5+ Kb8 42. Qd7 Qg3+ 43. Kf1 a6 44. Qd8+ Ka7
45. Qd4+ b6 46. c5 Qh3+ 47. Kf2 Qe6 48. Ke1 g5 49. a4 a5 50. b4 axb4 51. Qxb4
bxc5 52. Qa5+ Kb7 53. Qxc5 Qb6 54. Qf5 Qg1+ 55. Kd2 Qd4+ 56. Ke1 Qa1+ 57. Kf2
Qd4+ 58. Ke1 Qh4+ 59. Kd2 Qf4+ 60. Qxf4 gxf4 61. Kd3 f5 62. Kc4 Kb6 63. Kb4 Ka6
64. Kc5 Ka5 65. Kc6 Kxa4 66. Kxc7 Kb3 67. Kd6 Kc3 68. Ke5 Kd2 69. Kxf4 1/2-1/2

[Event "TCh-FRA Top 12 2021"]
[Site "Chalons en Champagne FRA"]
[Date "2021.07.03"]
[Round "10.1"]
[Board "4"]
[White "Iglesias, Joachim"]
[Black "Hutois, Mickael"]
[Result "1-0"]
[WhiteTitle "FM"]
[BlackTitle "FM"]
[WhiteElo "2259"]
[BlackElo "2261"]
[WhiteTeam "Club 608 Paris"]
[BlackTeam "Echiquier de l'Erdre"]
[WhiteFideId "637823"]
[BlackFideId "652091"]
[EventDate "2021.06.24"]

1. d4 Nf6 2. Nf3 e6 3. e3 b6 4. Bd3 Bb7 5. O-O Be7 6. c4 O-O 7. Nc3 d6 8. e4
Nbd7 9. a3 c5 10. d5 a6 11. dxe6 fxe6 12. Ng5 Re8 13. Nxe6 Qc8 14. f4 Nf8 15.
Ng5 Bc6 16. e5 Ng4 17. exd6 Bf6 18. Nf3 Qe6 19. Nd5 Bxd5 20. cxd5 Qxd6 21. h3
Ne3 22. Bxe3 Rxe3 23. Qd2 Qxf4 24. Rae1 Rae8 25. Rxe3 Qxe3+ 26. Qxe3 Rxe3 27.
Bxa6 Kf7 28. Bc4 Ke7 29. Kf2 Re4 30. Bd3 Ra4 31. Re1+ Kd6 32. Re8 Ng6 33. Bb5
Ra5 34. Re6+ Kc7 35. d6+ Kb7 36. a4 Ra8 37. h4 h5 38. Bd3 Nf4 39. Be4+ Ka7 40.
Rxf6 gxf6 41. Bxa8 Kxa8 42. d7 Ne6 43. g4 Kb7 44. gxh5 Kc7 45. h6 Nf8 46. Ke3
Kxd7 47. Kd3 Kd6 48. Kc4 Kc6 49. b3 Nh7 50. Nd2 Nf8 51. Ne4 Nh7 52. Ng3 Nf8 53.
Nf5 Nh7 54. Ne7+ Kd6 55. Nd5 Kc6 56. h5 Kb7 57. Kb5 f5 58. Nxb6 f4 59. Nd5 f3
60. Ne3 f2 61. Kxc5 Nf6 62. Nf1 1-0

[Event "TCh-FRA Top 12 2021"]
[Site "Chalons en Champagne FRA"]
[Date "2021.07.03"]
[Round "10.1"]
[Board "7"]
[White "Prodhomme, Boris"]
[Black "Lemonnier, Remi"]
[Result "1-0"]
[WhiteElo "2031"]
[BlackElo "2125"]
[WhiteTeam "Echiquier de l'Erdre"]
[BlackTeam "Club 608 Paris"]
[WhiteFideId "640034"]
[BlackFideId "648280"]
[EventDate "2021.06.24"]

1. d4 f5 2. Nc3 Nf6 3. Bf4 e6 4. g4 Bb4 5. gxf5 exf5 6. Qd3 d5 7. O-O-O Bxc3 8.
Qxc3 Ne4 9. Qe1 Qh4 10. Nh3 Qe7 11. f3 Nd6 12. Qg3 Nc6 13. Rg1 g6 14. Be5 Nxe5
15. Qxe5 Qxe5 16. dxe5 Nc4 17. Rxd5 Be6 18. Rd3 Ke7 19. f4 Rad8 20. Ng5 Rxd3 21.
exd3 Ne3 22. Kd2 Nd5 23. Nh3 c6 24. c4 Nb4 25. a3 Na6 26. Ng5 Rd8 27. Nxh7 Rh8
28. Ng5 Rxh2+ 29. Rg2 Rh6 30. d4 Nc7 31. Nf3 Kf7 32. Rh2 Rxh2+ 33. Nxh2 g5 34.
fxg5 Kg6 35. Nf3 f4 36. Bd3+ Kh5 37. g6 Kg4 38. Be2 Kg3 39. Ng5 Bg8 40. Ne4+ Kg2
41. Nf6 Be6 42. g7 f3 43. g8=Q+ Bxg8 44. Nxg8 Ne6 45. Bxf3+ Kxf3 46. d5 cxd5 47.
cxd5 Ng5 48. Nf6 Kf4 49. e6 Nf3+ 50. Kc1 1-0

[Event "TCh-FRA Top 12 2021"]
[Site "Chalons en Champagne FRA"]
[Date "2021.07.03"]
[Round "10.2"]
[Board "2"]
[White "Oparin, Grigoriy"]
[Black "Dutreuil, Raphael"]
[Result "1-0"]
[WhiteTitle "GM"]
[BlackTitle "FM"]
[WhiteElo "2654"]
[BlackElo "2309"]
[WhiteTeam "Asnieres Le Grand Echiquier"]
[BlackTeam "US Villejuif Echecs"]
[WhiteFideId "24125890"]
[BlackFideId "20630999"]
[EventDate "2021.06.24"]

1. d4 Nf6 2. c4 e6 3. g3 Bb4+ 4. Nd2 O-O 5. Bg2 d5 6. Nf3 a5 7. O-O a4 8. Qc2
Nbd7 9. Rd1 b6 10. cxd5 exd5 11. Ne5 Bb7 12. Ndc4 Qc8 13. Ne3 Re8 14. Nc6 Bxc6
15. Qxc6 Ra5 16. Nxd5 Nxd5 17. Bxd5 Rxe2 18. Bxf7+ Kh8 19. Qc4 Re7 20. Bf4 a3
21. bxa3 Bxa3 22. Re1 Qf8 23. Rxe7 Qxe7 24. Bxc7 Bb2 25. Rd1 1-0

[Event "TCh-FRA Top 12 2021"]
[Site "Chalons en Champagne FRA"]
[Date "2021.07.03"]
[Round "10.5"]
[Board "4"]
[White "Bacrot, Etienne"]
[Black "Savina, Anastasia"]
[Result "1/2-1/2"]
[WhiteTitle "GM"]
[BlackTitle "IM"]
[WhiteElo "2678"]
[BlackElo "2333"]
[WhiteTeam "Bischwiller"]
[BlackTeam "Vandoeuvre Echecs"]
[WhiteFideId "605506"]
[BlackFideId "4196872"]
[EventDate "2021.06.24"]

1. e4 e5 2. Nf3 Nc6 3. Bb5 a6 4. Ba4 Nf6 5. O-O Be7 6. d3 d6 7. c3 O-O 8. Re1
Re8 9. Nbd2 Bf8 10. Nf1 g6 11. Ng3 Bg7 12. h3 b5 13. Bb3 Bb7 14. d4 exd4 15.
cxd4 Na5 16. Bc2 c5 17. d5 Nc4 18. b3 Nd7 19. Rb1 Nce5 20. Nh2 c4 21. f4 Nd3 22.
Bxd3 cxd3 23. Qxd3 Nc5 24. Qd2 h5 25. b4 Na4 26. Rb3 Rc8 27. Nf3 Rc4 28. f5 h4
29. Nh1 gxf5 30. exf5 Nc3 31. Bb2 Rxe1+ 32. Qxe1 Re4 33. Qa1 Ne2+ 34. Kf1 Bxb2
35. Rxb2 Qf6 36. Qb1 Nc3 37. Qa1 Nd1 38. Rb1 Ne3+ 39. Kg1 Qxa1 40. Rxa1 Nxf5 41.
a3 Re2 42. Nf2 Bxd5 43. Rd1 Ne3 44. Rd4 Bxf3 45. gxf3 Re1+ 46. Kh2 Rf1 47. Ne4
d5 48. Nc5 Rf2+ 49. Kg1 Rf1+ 50. Kh2 Rf2+ 51. Kg1 Rxf3 52. Rxh4 Nc2 53. Nxa6 d4
54. Rh5 Rxa3 55. Nc7 d3 56. Rd5 Nxb4 57. Rd8+ Kg7 58. Nxb5 Ra5 59. Nc3 Rc5 60.
Ne4 Rd5 61. Rxd5 Nxd5 62. Kf2 Kg6 63. Nc5 Nf4 64. Ke3 Kf5 65. h4 Kg4 66. Ne4 f5
67. Nd6 Ng2+ 1/2-1/2

[Event "TCh-FRA Top 12 2021"]
[Site "Chalons en Champagne FRA"]
[Date "2021.07.03"]
[Round "10.5"]
[Board "8"]
[White "Sebag, Marie"]
[Black "Thomas, Anysia"]
[Result "1/2-1/2"]
[WhiteTitle "GM"]
[BlackTitle "WFM"]
[WhiteElo "2438"]
[BlackElo "2175"]
[WhiteTeam "Bischwiller"]
[BlackTeam "Vandoeuvre Echecs"]
[WhiteFideId "617822"]
[BlackFideId "670472"]
[EventDate "2021.06.24"]

1. e4 c5 2. Nf3 g6 3. d4 cxd4 4. Nxd4 Nc6 5. c4 Nf6 6. Nc3 d6 7. Be2 Nxd4 8.
Qxd4 Bg7 9. Be3 O-O 10. Qd2 Be6 11. Rc1 Qa5 12. f3 Rfc8 13. b3 a6 14. Na4 Qxd2+
15. Kxd2 Nd7 16. g4 f5 17. exf5 gxf5 18. h3 Rf8 19. f4 d5 20. gxf5 Bxf5 21. cxd5
Nf6 22. Nb6 Rad8 23. Ke1 Kh8 24. Bf3 Rfe8 25. Rc7 e5 26. fxe5 Rxe5 27. Nc4 Ree8
28. Rg1 Bg6 29. Rxg7 Kxg7 30. Kf2 b5 31. Na5 Nxd5 32. Nb7 Rd7 33. Nc5 Rf7 34.
Bd4+ Kh6 35. Kg3 Ne3 36. Bb2 Nf5+ 37. Kh2 Nh4 38. Bc1+ Kg7 39. Bd5 Nf3+ 40. Bxf3
Rxf3 41. Nxa6 Re2+ 42. Rg2 Rff2 43. Rxf2 Rxf2+ 44. Kg3 Rxa2 45. Nc5 b4 46. Be3
Kf7 47. h4 Rc2 48. Kf4 Rg2 49. Kf3 Rb2 50. Bc1 Rh2 51. Kg3 Rc2 52. Be3 Ra2 53.
Bf2 Ke7 54. Be1 Kd6 1/2-1/2

[Event "TCh-FRA Top 12 2021"]
[Site "Chalons en Champagne FRA"]
[Date "2021.07.03"]
[Round "10.6"]
[Board "1"]
[White "Mamedov, Rauf"]
[Black "Kirk, Ezra"]
[Result "1-0"]
[WhiteTitle "GM"]
[BlackTitle "IM"]
[WhiteElo "2654"]
[BlackElo "2447"]
[WhiteTeam "C'Chartres Echecs"]
[BlackTeam "Echiquier Agenais"]
[WhiteFideId "13401653"]
[BlackFideId "600067"]
[EventDate "2021.06.24"]

1. e4 c5 2. Nc3 Nc6 3. Bb5 Nd4 4. Nf3 Nxb5 5. Nxb5 d6 6. d4 a6 7. Nc3 cxd4 8.
Qxd4 e5 9. Qd3 Be6 10. Ng5 Nf6 11. Nxe6 fxe6 12. Bg5 Rc8 13. Qh3 Qd7 14. Bxf6
gxf6 15. O-O-O b5 16. Rd3 Rc4 17. Re1 h5 18. Kb1 b4 19. Nd1 Ke7 20. b3 Rc5 21.
Ne3 Qc6 22. Red1 Kf7 23. Qf3 Be7 24. g4 h4 25. g5 f5 26. Nxf5 exf5 27. Qxf5+ Ke8
28. g6 Rf8 29. Qh5 Kd7 30. g7 Qc8 31. gxf8=Q Qxf8 32. Rf3 Qg8 33. Rf7 a5 34.
Qf5+ Ke8 35. Rh7 a4 36. Qh5+ Kd7 37. Rh8 Qg5 38. Qe8+ Ke6 39. Rg8 1-0

[Event "TCh-FRA Top 12 2021"]
[Site "Chalons en Champagne FRA"]
[Date "2021.07.03"]
[Round "10.6"]
[Board "3"]
[White "Guliyev, Namig"]
[Black "Ternault, Mathieu"]
[Result "1/2-1/2"]
[WhiteTitle "GM"]
[BlackTitle "FM"]
[WhiteElo "2551"]
[BlackElo "2308"]
[WhiteTeam "C'Chartres Echecs"]
[BlackTeam "Echiquier Agenais"]
[WhiteFideId "13400363"]
[BlackFideId "20641532"]
[EventDate "2021.06.24"]

1. e4 e6 2. d4 d5 3. exd5 exd5 4. Nf3 Nc6 5. Bb5 Bd6 6. O-O Ne7 7. c4 dxc4 8. d5
Nxd5 9. Qe2+ Qe7 10. Bxc6+ bxc6 11. Qxc4 O-O 12. Qxc6 Nb6 13. Bg5 Qe6 14. Qc2
Nd5 15. Nbd2 Bb7 16. Rfe1 Nb4 17. Qb1 Qg6 18. Qxg6 fxg6 19. Be7 Nc2 20. Bxf8
Rxf8 21. Rac1 Nxe1 22. Rxe1 Rd8 23. Nc4 Bf4 24. h4 Bd5 25. Rd1 c6 26. Ne3 Bxe3
27. fxe3 Re8 28. Kf2 Bxa2 29. Ra1 Bd5 30. Rxa7 Rb8 31. Kg3 Rxb2 32. e4 Ba2 33.
Ne5 h6 34. Nxc6 Bb1 35. Ne7+ Kf7 36. Nd5+ Ke6 37. Nf4+ Kf6 38. Ra6+ Kf7 39. Ra4
Rb7 40. Kf3 Rb3+ 41. Kf2 Rb2+ 42. Ke3 g5 43. hxg5 hxg5 44. Ne2 Ba2 45. g3 Be6
46. Nd4 Ra2 47. Rxa2 Bxa2 48. Nf3 Kf6 49. Kd4 Be6 50. Ne5 Bh3 51. Kd5 Bg2 52.
Ng4+ Kg6 53. Ke5 Bf3 54. Nf2 Be2 55. Kd6 Kf7 56. e5 Bc4 57. Ne4 Kg6 58. g4 Be2
59. e6 Bxg4 60. e7 Kf7 61. Nc3 Bh5 62. Ne4 g4 63. Kd7 Kg8 64. Ke6 Bg6 65. Ng3
Be8 66. Ne2 Bg6 67. Kd7 Bf7 68. Ng3 Bg6 69. Kd8 Bf7 70. Nf5 Bg6 71. Kc7 Kf7 72.
Kd8 Kf6 73. Ng3 Kg5 74. e8=Q Bxe8 75. Kxe8 g6 76. Kf7 Kf4 77. Nf1 Kg5 78. Kg7
Kf4 79. Kxg6 g3 80. Nxg3 1/2-1/2

[Event "TCh-FRA Top 12 2021"]
[Site "Chalons en Champagne FRA"]
[Date "2021.07.04"]
[Round "11.1"]
[Board "4"]
[White "Hutois, Mickael"]
[Black "Domenech, Vianney"]
[Result "1-0"]
[WhiteTitle "FM"]
[WhiteElo "2261"]
[BlackElo "2265"]
[WhiteTeam "Echiquier de l'Erdre"]
[BlackTeam "Echiquier Agenais"]
[WhiteFideId "652091"]
[BlackFideId "656089"]
[EventDate "2021.06.24"]

1. e4 Nc6 2. Nf3 d6 3. d4 Nf6 4. Nc3 g6 5. Be2 Bg7 6. h3 O-O 7. Be3 a6 8. a4 e5
9. dxe5 dxe5 10. O-O h6 11. Qc1 Kh7 12. Rd1 Qe7 13. Ra3 Nd8 14. a5 Bd7 15. b4
Qxb4 16. Nxe5 Qe7 17. Nxd7 Nxd7 18. Nd5 Qxe4 19. Nxc7 Rc8 20. Rxd7 Be5 21. Bf3
Qf5 22. Bg4 Qe4 23. Bxh6 Bxc7 24. Rxc7 Rxc7 25. Bxf8 Kg8 26. Qh6 f5 27. Re3 Qc6
28. Bf3 Qb5 29. Qxg6+ Kxf8 30. Qd6+ 1-0

[Event "TCh-FRA Top 12 2021"]
[Site "Chalons en Champagne FRA"]
[Date "2021.07.04"]
[Round "11.1"]
[Board "8"]
[White "Ruhlmann, Helene"]
[Black "Gennesseaux, Gabrielle"]
[Result "0-1"]
[WhiteElo "1816"]
[BlackElo "1799"]
[WhiteTeam "Echiquier de l'Erdre"]
[BlackTeam "Echiquier Agenais"]
[WhiteFideId "20643209"]
[BlackFideId "20686684"]
[EventDate "2021.06.24"]

1. d4 e6 2. c4 Nf6 3. Nc3 Bb4 4. e3 b6 5. Ne2 Ba6 6. a3 Be7 7. Nf4 d5 8. cxd5
Bxf1 9. Kxf1 exd5 10. g4 c6 11. Qf3 O-O 12. h4 Ne8 13. Nce2 Nd6 14. Qh3 Nd7 15.
g5 Ne4 16. f3 Nd6 17. Kf2 Re8 18. b3 Nf8 19. Bd2 Qc8 20. Qg2 Qb7 21. g6 fxg6 22.
h5 g5 23. Nh3 h6 24. Nc3 Ne6 25. Qg4 Bf6 26. Kg2 c5 27. Ne2 Nxd4 28. Nxd4 cxd4
29. Rae1 dxe3 30. Bxe3 Rac8 31. Bf2 Nf7 32. Re6 Ne5 33. Rxe8+ Rxe8 34. Qf5 Qd7
35. Qc2 Nxf3 36. Kxf3 g4+ 37. Kg2 gxh3+ 38. Rxh3 Qg4+ 0-1